000
00335nam a22001457a 4500
003
OSt
005
20211025173848.0
008
211025b |||||||| |||| 00| 0 eng d
020
_a
0697391094
040
_c
HU
082
_a
364
245
_a
Taking sides: crime and criminology
300
_a
XXi360P
_b
PC
_c
25cm
942
_2
ddc
_c
BOOKS
_n
0
999
_c
14816
_d
14816